[Event "Icelandic Team Championship 2019-21 - 1s"]
[Site "Reykjavik (round 1-5) and Self"]
[Date "2021.05.15"]
[Round "7.2"]
[White "Thorgeirsson, Jon Kristinn"]
[Black "Leosson, Torfi"]
[Result "1-0"]
[WhiteElo "2255"]
[BlackElo "2152"]
[PlyCount "54"]
[EventDate "2019.10.03"]
[WhiteTeam "Skákfélag Akureyrar"]
[BlackTeam "Taflfélag Reykjavíkur b-sveit"]

1. e4 c5 2. Nf3 g6 3. d4 cxd4 4. Qxd4 Nf6 5. Bb5 a6 6. e5 axb5 7. exf6 Nc6 8.
Qh4 Ra4 9. fxe7 Bxe7 10. Qh6 Re4+ 11. Be3 d5 12. Nc3 Rg4 13. O-O-O Be6 14. Rhe1
b4 15. Nxd5 Bxd5 16. Qg7 Rf8 17. Bh6 Re4 18. Rxe4 Bxe4 19. Rxd8+ Kxd8 20. Qxh7
Re8 21. Qxf7 Kd7 22. Ng5 Bf5 23. f3 Rc8 24. Qd5+ Ke8 25. g4 Bxc2 26. Kxc2 b3+
27. Kxb3 Na5+ 1-0

[Event "Icelandic Team Championship 2019-21 - 1s"]
[Site "Reykjavik (round 1-5) and Self"]
[Date "2021.05.15"]
[Round "7.2"]
[White "Arnason, Arni A."]
[Black "Sigurpalsson, Runar"]
[Result "1/2-1/2"]
[WhiteElo "2117"]
[BlackElo "2287"]
[PlyCount "101"]
[EventDate "2019.10.03"]
[WhiteTeam "Taflfélag Reykjavíkur b-sveit"]
[BlackTeam "Skákfélag Akureyrar"]

1. d4 Nf6 2. Nf3 g6 3. Bf4 Bg7 4. e3 O-O 5. Be2 d6 6. O-O c6 7. c4 Qb6 8. Qb3
Bf5 9. Qxb6 axb6 10. Nc3 h6 11. h3 Ne4 12. Nxe4 Bxe4 13. Rfd1 g5 14. Bg3 Nd7
15. h4 Bf6 16. hxg5 hxg5 17. Nh2 Rfd8 18. Bd3 Bxd3 19. Rxd3 Ra4 20. b3 Ra3 21.
f4 Nc5 22. Rdd1 Ne4 23. fxg5 Bxg5 24. Bf4 Bxf4 25. exf4 Rda8 26. Re1 d5 27.
cxd5 cxd5 28. Rec1 Rxa2 29. Rxa2 Rxa2 30. Nf3 Nd2 31. Rc7 Nxf3+ 32. gxf3 Rb2
33. Rxe7 Rxb3 34. Kf2 Rd3 35. Rxb7 Rxd4 36. Rxb6 Rxf4 37. Rd6 Rf5 38. Ke3 Kf8
39. Kd4 Ke7 40. Rxd5 Rxf3 41. Ke4 Rf1 42. Ra5 Kf6 43. Rb5 Kg6 44. Ra5 f5+ 45.
Ke3 Rb1 46. Kf3 Kg5 47. Ra3 Rh1 48. Kg2 Rh4 49. Kf2 Rh2+ 50. Kg3 Rb2 51. Kf3
1/2-1/2

[Event "Icelandic Team Championship 2019-21 - 1s"]
[Site "Reykjavik (round 1-5) and Self"]
[Date "2021.05.15"]
[Round "7.2"]
[White "Karason, Askell O"]
[Black "Petursson, Gudni"]
[Result "1-0"]
[WhiteElo "2274"]
[BlackElo "2028"]
[PlyCount "85"]
[EventDate "2019.10.03"]
[WhiteTeam "Skákfélag Akureyrar"]
[BlackTeam "Taflfélag Reykjavíkur b-sveit"]

1. Nf3 d5 2. c4 dxc4 3. Na3 Nf6 4. Nxc4 g6 5. g3 Bg7 6. Bg2 O-O 7. O-O Nbd7 8.
d3 Nb6 9. Na5 c6 10. Bd2 Nfd5 11. Qc2 Qd6 12. a3 Rd8 13. Rfd1 e5 14. Nc4 Qe7
15. Ba5 Re8 16. Nfd2 Bg4 17. Ne4 Red8 18. h3 Be6 19. Ncd2 Bf8 20. Rac1 Rd7 21.
Nc5 Qxc5 22. Qxc5 Bxc5 23. Rxc5 Na4 24. Rc2 b6 25. b3 Nc5 26. Rxc5 bxc5 27. Ne4
Kg7 28. Nxc5 Rd6 29. Rc1 Rc8 30. e4 Nb6 31. Bc3 Nd7 32. f4 f6 33. fxe5 Nxe5 34.
d4 Rcd8 35. dxe5 Rd1+ 36. Rxd1 Rxd1+ 37. Kh2 Kf7 38. exf6 Rc1 39. Bd4 Rd1 40.
Nxe6 Kxe6 41. Bxa7 Rd2 42. e5 Kxe5 43. f7 1-0

[Event "Icelandic Team Championship 2019-21 - 1s"]
[Site "Reykjavik (round 1-5) and Self"]
[Date "2021.05.15"]
[Round "7.2"]
[White "Thorisson, Benedikt"]
[Black "Halldorsson, Halldor"]
[Result "1/2-1/2"]
[WhiteElo "1597"]
[BlackElo "2246"]
[PlyCount "94"]
[EventDate "2019.10.03"]
[WhiteTeam "Taflfélag Reykjavíkur b-sveit"]
[BlackTeam "Skákfélag Akureyrar"]

1. e4 c5 2. Nf3 d6 3. d4 cxd4 4. Nxd4 Nf6 5. Nc3 a6 6. Be3 e5 7. Nb3 Be6 8. f3
Be7 9. Qd2 O-O 10. g4 d5 11. exd5 Nxd5 12. Nxd5 Bxd5 13. Bg2 Bh4+ 14. Bf2 Bxb3
15. Qxd8 Bxf2+ 16. Kxf2 Rxd8 17. Rad1 Rc8 18. cxb3 Rc2+ 19. Ke3 Nc6 20. Rd2
Rxd2 21. Kxd2 Rd8+ 22. Kc3 Nd4 23. Rd1 b5 24. Rd2 g5 25. b4 Rc8+ 26. Kd3 Rc1
27. Ke4 f6 28. Kd5 Kf7 29. Rf2 Ke7 30. Bf1 Nc2 31. Ke4 Nxb4 32. a3 Nc6 33. Bd3
Nd4 34. Ke3 h6 35. Kd2 Nb3+ 36. Ke3 Kd6 37. Rc2 a5 38. Rxc1 Nxc1 39. Bxb5 Kc5
40. Ba4 Kc4 41. Bc2 Nb3 42. Bd3+ Kd5 43. Be4+ Kc5 44. Bd3 Nd4 45. Ke4 a4 46. h3
Kd6 47. Bc4 Kc5 1/2-1/2

[Event "Icelandic Team Championship 2019-21 - 1s"]
[Site "Reykjavik (round 1-5) and Self"]
[Date "2021.05.15"]
[Round "7.2"]
[White "Bergsson, Stefan"]
[Black "Skarphedinsson, Ingvar Wu"]
[Result "1-0"]
[WhiteElo "2148"]
[BlackElo "1700"]
[PlyCount "55"]
[EventDate "2019.10.03"]
[WhiteTeam "Skákfélag Akureyrar"]
[BlackTeam "Taflfélag Reykjavíkur b-sveit"]

1. c4 e6 2. Nc3 d5 3. e3 Nf6 4. b3 Be7 5. Bb2 O-O 6. d4 b6 7. Nf3 Bb7 8. Bd3 c5
9. O-O dxc4 10. bxc4 Nc6 11. d5 exd5 12. cxd5 Nb4 13. e4 Nxd3 14. Qxd3 Nd7 15.
Rfe1 f6 16. d6 Ne5 17. Nxe5 Bxd6 18. Qc4+ Kh8 19. Nf7+ Rxf7 20. Qxf7 Bc6 21.
Rad1 Qb8 22. h3 Bh2+ 23. Kh1 Be5 24. Qb3 Qc8 25. Nd5 Bb8 26. Ne7 Qe8 27. Nxc6
Bc7 28. Qd5 1-0

[Event "Icelandic Team Championship 2019-21 - 1s"]
[Site "Reykjavik (round 1-5) and Self"]
[Date "2021.05.15"]
[Round "7.2"]
[White "Haile, Batel Goitom"]
[Black "Thorhallsson, Simon"]
[Result "0-1"]
[WhiteElo "1625"]
[BlackElo "2197"]
[PlyCount "70"]
[EventDate "2019.10.03"]
[WhiteTeam "Taflfélag Reykjavíkur b-sveit"]
[BlackTeam "Skákfélag Akureyrar"]

1. e4 e6 2. Nf3 d5 3. exd5 exd5 4. d4 Nf6 5. Bg5 c5 6. Bb5+ Nc6 7. Qe2+ Be6 8.
Ne5 Rc8 9. f4 Be7 10. Bxf6 gxf6 11. Nxc6 bxc6 12. Ba6 Rb8 13. O-O f5 14. c3 c4
15. b3 Qb6 16. Qe5 Kd7 17. bxc4 Qxa6 18. cxd5 cxd5 19. c4 Qxc4 20. Nd2 Qd3 21.
Nb3 Qe4 22. Rac1 Qxe5 23. dxe5 Rhc8 24. g4 Rxc1 25. Nxc1 Rg8 26. g5 Rc8 27. Nb3
Rc2 28. a4 d4 29. Na1 Rb2 30. Rc1 d3 31. Rd1 Bc4 32. Kf1 Bc5 33. Ke1 Re2+ 34.
Kf1 Rf2+ 35. Ke1 Rxh2 0-1

[Event "Icelandic Team Championship 2019-21 - 1s"]
[Site "Reykjavik (round 1-5) and Self"]
[Date "2021.05.15"]
[Round "7.2"]
[White "Karlsson, Mikael Johann"]
[Black "Omarsson, Adam"]
[Result "1-0"]
[WhiteElo "2077"]
[BlackElo "1506"]
[PlyCount "71"]
[EventDate "2019.10.03"]
[WhiteTeam "Skákfélag Akureyrar"]
[BlackTeam "Taflfélag Reykjavíkur b-sveit"]

1. c4 Nf6 2. g3 g6 3. Bg2 Bg7 4. Nc3 O-O 5. Nf3 c5 6. O-O Nc6 7. d4 cxd4 8.
Nxd4 Ne5 9. b3 Rb8 10. Bb2 a6 11. h3 d6 12. Kh2 Qb6 13. Nc2 Nxc4 14. Na4 Nxb2
15. Nxb6 Nxd1 16. Raxd1 Bf5 17. Ne3 Be6 18. Rc1 Rfd8 19. Rc7 Ne8 20. Rc2 Bd4
21. Nbd5 Bxd5 22. Nxd5 e6 23. e3 Bg7 24. Nb6 d5 25. a4 a5 26. Rfc1 Bf8 27. Bf1
Ba3 28. Ra1 Bf8 29. Bb5 Rd6 30. Nd7 Rd8 31. Nc5 Rc8 32. Rac1 Rb6 33. Nd7 Rxc2
34. Rxc2 Rc6 35. Bxc6 bxc6 36. Rxc6 1-0

[Event "Icelandic Team Championship 2019-21 - 1s"]
[Site "Reykjavik (round 1-5) and Self"]
[Date "2021.05.15"]
[Round "7.3"]
[White "Donchenko, Alexander"]
[Black "Gretarsson, Hjorvar Steinn"]
[Result "1/2-1/2"]
[WhiteElo "2660"]
[BlackElo "2588"]
[PlyCount "180"]
[EventDate "2019.10.03"]
[WhiteTeam "Skákfélag Selfoss og nágrennis"]
[BlackTeam "Skákfélagið Huginn"]

1. Nf3 {[%emt 0:00:00]} Nf6 {[%emt 0:00:00]} 2. c4 {[%emt 0:00:00]} e6 {
[%emt 0:00:00]} 3. Nc3 {[%emt 0:00:00]} Bb4 {[%emt 0:00:00]} 4. Qc2 {[%emt 0:
00:00]} O-O {[%emt 0:00:00]} 5. a3 {[%emt 0:00:00]} Bxc3 {[%emt 0:00:00]} 6.
Qxc3 {[%emt 0:00:00]} d6 {[%emt 0:00:00]} 7. b4 {[%emt 0:00:00]} e5 {[%emt 0:
00:00]} 8. Bb2 {[%emt 0:00:00]} Bg4 {[%emt 0:00:00]} 9. h3 {[%emt 0:00:00]} Bh5
{[%emt 0:00:00]} 10. g4 {[%emt 0:00:00]} Bg6 {[%emt 0:00:00]} 11. Bg2 {[%emt 0:
00:00]} Re8 {[%emt 0:00:00]} 12. d4 {[%emt 0:00:00]} e4 {[%emt 0:00:00]} 13.
Nh4 {[%emt 0:00:00]} d5 {[%emt 0:00:00]} 14. Nxg6 {[%emt 0:00:00]} hxg6 {
[%emt 0:00:00]} 15. c5 {[%emt 0:00:00]} e3 {[%emt 0:00:00]} 16. f3 {[%emt 0:00:
00]} c6 {[%emt 0:00:00]} 17. Bc1 {[%emt 0:00:00]} a5 {[%emt 0:00:00]} 18. bxa5
{[%emt 0:00:00]} Qxa5 {[%emt 0:00:00]} 19. Qxa5 {[%emt 0:00:00]} Rxa5 {[%emt 0:
00:00]} 20. O-O {[%emt 0:00:00]} Rb5 {[%emt 0:00:00]} 21. a4 {[%emt 0:00:00]}
Rb4 {[%emt 0:00:00]} 22. Rd1 {[%emt 0:00:00]} Nbd7 {[%emt 0:00:00]} 23. Rd3 {
[%emt 0:00:00]} b6 {[%emt 0:00:00]} 24. g5 {[%emt 0:00:00]} bxc5 {[%emt 0:02:
09]} 25. dxc5 {[%emt 0:03:18]} Nh5 {[%emt 0:02:49]} 26. Rxe3 {[%emt 0:01:12]}
Ra8 {[%emt 0:00:49]} 27. a5 {[%emt 0:00:45]} Nxc5 {[%emt 0:01:46]} 28. Rea3 {
[%emt 0:01:50]} Ng3 {[%emt 0:01:24]} 29. Kf2 {[%emt 0:01:21]} Nf5 {[%emt 0:00:
19]} 30. Bd2 {[%emt 0:01:50]} Rb5 {[%emt 0:01:24]} 31. Be1 {[%emt 0:01:51]} Nd6
{[%emt 0:02:06]} 32. a6 {[%emt 0:01:14]} Rb6 {[%emt 0:01:25]} 33. a7 {[%emt 0:
00:50]} Rb7 {[%emt 0:00:45]} 34. R3a2 {[%emt 0:00:51]} Ne6 {[%emt 0:01:14]} 35.
Ra6 {[%emt 0:00:41]} Rc7 {[%emt 0:00:24]} 36. Rb6 {[%emt 0:01:42]} Kh7 {
[%emt 0:01:31]} 37. h4 {[%emt 0:01:45]} Rcxa7 {[%emt 0:00:46]} 38. Rxa7 {
[%emt 0:00:32]} Rxa7 {[%emt 0:00:01]} 39. Rxc6 {[%emt 0:00:05]} Nf5 {[%emt 0:
00:45]} 40. Bh3 {[%emt 0:00:21]} Nfd4 {[%emt 0:01:04]} 41. Rc3 {[%emt 0:01:15]}
Ra2 {[%emt 0:00:09]} 42. Bxe6 {[%emt 0:00:32]} Rxe2+ {[%emt 0:00:26]} 43. Kf1 {
[%emt 0:00:00]} Rxe6 {[%emt 0:00:09]} 44. Bf2 {[%emt 0:00:31]} Nf5 {[%emt 0:00:
31]} 45. Rc5 {[%emt 0:00:29]} Rd6 {[%emt 0:01:13]} 46. Rc7 {[%emt 0:00:13]} Kg8
{[%emt 0:00:36]} 47. Rc8+ {[%emt 0:00:01]} Kh7 {[%emt 0:00:04]} 48. Rc7 {
[%emt 0:00:04]} d4 {[%emt 0:00:27]} 49. Ke2 {[%emt 0:00:05]} Ra6 {[%emt 0:00:
57]} 50. Rxf7 {[%emt 0:00:56]} Ra2+ {[%emt 0:00:03]} 51. Ke1 {[%emt 0:00:09]}
Ra3 {[%emt 0:00:20]} 52. h5 {[%emt 0:01:51]} Rxf3 {[%emt 0:00:16]} 53. h6 {
[%emt 0:00:19]} Kg8 {[%emt 0:01:16]} 54. Rd7 {[%emt 0:00:01]} gxh6 {[%emt 0:00:
25]} 55. gxh6 {[%emt 0:00:03]} Rf4 {[%emt 0:00:22]} 56. Kf1 {[%emt 0:02:02]} g5
{[%emt 0:00:54]} 57. Kg2 {[%emt 0:00:05]} Rg4+ {[%emt 0:00:29]} 58. Kf3 {
[%emt 0:00:18]} Rf4+ {[%emt 0:00:03]} 59. Kg2 {[%emt 0:00:03]} Kh8 {[%emt 0:00:
37]} 60. Bg1 {[%emt 0:01:11]} Rg4+ {[%emt 0:00:15]} 61. Kh2 {[%emt 0:00:06]}
Nh4 {[%emt 0:00:58]} 62. Rf7 {[%emt 0:01:10]} Rg2+ {[%emt 0:00:30]} 63. Kh1 {
[%emt 0:00:02]} Rg4 {[%emt 0:00:11]} 64. Bf2 {[%emt 0:00:47]} Re4 {[%emt 0:00:
55]} 65. Bxh4 {[%emt 0:00:47]} Rxh4+ {[%emt 0:00:37]} 66. Kg2 {[%emt 0:00:00]}
Rxh6 {[%emt 0:00:20]} 67. Rd7 {[%emt 0:00:54]} Rh4 {[%emt 0:00:05]} 68. Rd5 {
[%emt 0:00:08]} Kg7 {[%emt 0:00:27]} 69. Rxg5+ {[%emt 0:00:13]} Kf6 {[%emt 0:
00:04]} 70. Ra5 {[%emt 0:00:12]} Rf4 {[%emt 0:00:48]} 71. Kg3 {[%emt 0:00:10]}
Re4 {[%emt 0:00:30]} 72. Kf3 {[%emt 0:00:11]} Re3+ {[%emt 0:00:04]} 73. Kf2 {
[%emt 0:00:28]} Ke6 {[%emt 0:00:04]} 74. Rb5 {[%emt 0:00:44]} Kd6 {[%emt 0:00:
06]} 75. Ra5 {[%emt 0:00:11]} Kc6 {[%emt 0:00:07]} 76. Rh5 {[%emt 0:00:28]} Re8
{[%emt 0:00:08]} 77. Rg5 {[%emt 0:00:19]} Re7 {[%emt 0:01:14]} 78. Rh5 {
[%emt 0:00:03]} Kd6 {[%emt 0:01:14]} 79. Rg5 {[%emt 0:00:15]} Re4 {[%emt 0:00:
20]} 80. Kf3 {[%emt 0:00:22]} Re7 {[%emt 0:00:20]} 81. Kf2 {[%emt 0:00:07]} Kc6
{[%emt 0:00:15]} 82. Rh5 {[%emt 0:00:09]} Re8 {[%emt 0:01:30]} 83. Rg5 {
[%emt 0:00:08]} Kd6 {[%emt 0:00:57]} 84. Rh5 {[%emt 0:00:07]} Re5 {[%emt 0:00:
15]} 85. Rxe5 {[%emt 0:00:06]} Kxe5 {[%emt 0:00:03]} 86. Ke2 {[%emt 0:00:06]}
Ke4 {[%emt 0:00:02]} 87. Kd2 {[%emt 0:00:05]} d3 {[%emt 0:00:03]} 88. Kd1 {
[%emt 0:00:04]} Ke3 {[%emt 0:00:02]} 89. Ke1 {[%emt 0:00:04]} d2+ {[%emt 0:00:
01]} 90. Kd1 {[%emt 0:00:05]} Kd3 {[%emt 0:00:02]} 1/2-1/2

[Event "Icelandic Team Championship 2019-21 - 1s"]
[Site "Reykjavik (round 1-5) and Self"]
[Date "2021.05.15"]
[Round "7.3"]
[White "Stefansson, Hannes"]
[Black "Demchenko, Anton"]
[Result "1/2-1/2"]
[WhiteElo "2532"]
[BlackElo "2599"]
[PlyCount "98"]
[EventDate "2019.10.03"]
[WhiteTeam "Skákfélagið Huginn"]
[BlackTeam "Skákfélag Selfoss og nágrennis"]

1. e4 {[%emt 0:00:00]} c5 {[%emt 0:00:00]} 2. Nf3 {[%emt 0:00:00]} d6 {[%emt 0:
00:00]} 3. d4 {[%emt 0:00:00]} cxd4 {[%emt 0:00:00]} 4. Nxd4 {[%emt 0:00:00]}
Nf6 {[%emt 0:00:00]} 5. Nc3 {[%emt 0:00:00]} Nc6 {[%emt 0:00:00]} 6. Bg5 {
[%emt 0:00:00]} e6 {[%emt 0:00:00]} 7. Qd2 {[%emt 0:00:00]} a6 {[%emt 0:00:00]}
8. O-O-O {[%emt 0:00:00]} Bd7 {[%emt 0:00:00]} 9. f3 {[%emt 0:00:00]} Nxd4 {
[%emt 0:00:00]} 10. Qxd4 {[%emt 0:00:00]} h6 {[%emt 0:00:00]} 11. Be3 {[%emt 0:
00:00]} Bc6 {[%emt 0:00:00]} 12. Kb1 {[%emt 0:00:00]} d5 {[%emt 0:00:00]} 13.
exd5 {[%emt 0:00:00]} Nxd5 {[%emt 0:00:00]} 14. Nxd5 {[%emt 0:00:00]} Qxd5 {
[%emt 0:00:00]} 15. Bc4 {[%emt 0:00:00]} Qxd4 {[%emt 0:00:00]} 16. Bxd4 {
[%emt 0:00:00]} h5 {[%emt 0:00:00]} 17. h4 {[%emt 0:00:00]} Rd8 {[%emt 0:00:00]
} 18. c3 {[%emt 0:00:00]} Be7 {[%emt 0:00:00]} 19. Bd3 {[%emt 0:00:00]} Bf6 {
[%emt 0:00:00]} 20. Bf2 {[%emt 0:00:00]} g6 {[%emt 0:00:00]} 21. Kc1 {[%emt 0:
00:00]} Rg8 {[%emt 0:00:00]} 22. Be3 {[%emt 0:00:00]} Bd5 {[%emt 0:00:00]} 23.
Be4 {[%emt 0:00:00]} Bxe4 {[%emt 0:00:00]} 24. fxe4 {[%emt 0:00:00]} g5 {
[%emt 0:00:00]} 25. Rdf1 {[%emt 0:00:00]} Be7 {[%emt 0:00:00]} 26. hxg5 {
[%emt 0:00:00]} Bxg5 {[%emt 0:00:00]} 27. Bxg5 {[%emt 0:00:00]} Rxg5 {[%emt 0:
00:00]} 28. Rf2 {[%emt 0:00:00]} Ke7 {[%emt 0:00:00]} 29. Rhf1 {[%emt 0:00:00]}
Rg7 {[%emt 0:00:00]} 30. Kc2 {[%emt 0:00:00]} Rf8 {[%emt 0:00:00]} 31. Rh1 {
[%emt 0:00:00]} Rg5 {[%emt 0:00:00]} 32. Kd3 {[%emt 0:00:00]} Rfg8 {[%emt 0:00:
00]} 33. Ke2 {[%emt 0:00:00]} Rg4 {[%emt 0:00:00]} 34. Rxh5 {[%emt 0:00:00]}
Rxe4+ {[%emt 0:00:00]} 35. Kd3 {[%emt 0:00:00]} Reg4 {[%emt 0:00:00]} 36. Rh7 {
[%emt 0:00:00]} R4g7 {[%emt 0:00:00]} 37. Rxg7 {[%emt 0:00:00]} Rxg7 {[%emt 0:
00:00]} 38. Ke2 {[%emt 0:00:00]} e5 {[%emt 0:00:00]} 39. Kf3 {[%emt 0:00:52]}
f5 {[%emt 0:00:00]} 40. Rd2 {[%emt 0:00:37]} Ke6 {[%emt 0:00:00]} 41. Rd8 {
[%emt 0:02:44]} f4 {[%emt 0:05:04]} 42. a4 {[%emt 0:02:45]} Rg3+ {[%emt 0:08:
01]} 43. Kf2 {[%emt 0:00:06]} Kf5 {[%emt 0:01:37]} 44. Rd7 {[%emt 0:01:06]} b5
{[%emt 0:00:03]} 45. axb5 {[%emt 0:01:01]} axb5 {[%emt 0:00:01]} 46. Rb7 {
[%emt 0:00:45]} Rd3 {[%emt 0:00:28]} 47. Rxb5 {[%emt 0:00:33]} Rd2+ {[%emt 0:
00:05]} 48. Kf3 {[%emt 0:02:48]} Rc2 {[%emt 0:00:48]} 49. Rb4 {[%emt 0:01:01]}
Rd2 {[%emt 0:00:58]} 1/2-1/2

[Event "Icelandic Team Championship 2019-21 - 1s"]
[Site "Reykjavik (round 1-5) and Self"]
[Date "2021.05.15"]
[Round "7.3"]
[White "Thorfinnsson, Bragi"]
[Black "Thorhallsson, Throstur"]
[Result "0-1"]
[WhiteElo "2432"]
[BlackElo "2406"]
[PlyCount "166"]
[EventDate "2019.10.03"]
[WhiteTeam "Skákfélag Selfoss og nágrennis"]
[BlackTeam "Skákfélagið Huginn"]

1. d4 {[%emt 0:00:00]} e6 {[%emt 0:00:00]} 2. e4 {[%emt 0:00:00]} d5 {[%emt 0:
00:00]} 3. e5 {[%emt 0:00:00]} c5 {[%emt 0:00:00]} 4. c3 {[%emt 0:00:00]} Qb6 {
[%emt 0:00:00]} 5. Nf3 {[%emt 0:00:00]} Bd7 {[%emt 0:00:00]} 6. Be2 {[%emt 0:
00:00]} Bb5 {[%emt 0:00:00]} 7. O-O {[%emt 0:00:00]} Bxe2 {[%emt 0:00:00]} 8.
Qxe2 {[%emt 0:00:00]} cxd4 {[%emt 0:00:00]} 9. cxd4 {[%emt 0:00:00]} Nc6 {
[%emt 0:00:00]} 10. Nc3 {[%emt 0:00:00]} Nge7 {[%emt 0:00:00]} 11. Be3 {
[%emt 0:00:00]} Nf5 {[%emt 0:00:00]} 12. g4 {[%emt 0:00:00]} Nxe3 {[%emt 0:00:
00]} 13. fxe3 {[%emt 0:00:00]} Be7 {[%emt 0:00:00]} 14. Rf2 {[%emt 0:00:00]}
O-O {[%emt 0:00:00]} 15. g5 {[%emt 0:00:00]} Rac8 {[%emt 0:00:00]} 16. Kh1 {
[%emt 0:00:00]} Nb4 {[%emt 0:00:00]} 17. Rd1 {[%emt 0:00:00]} Qa6 {[%emt 0:00:
00]} 18. a3 {[%emt 0:00:00]} Qxe2 {[%emt 0:00:00]} 19. Rxe2 {[%emt 0:00:00]}
Nc6 {[%emt 0:00:00]} 20. Rg1 {[%emt 0:00:00]} a6 {[%emt 0:00:00]} 21. e4 {
[%emt 0:00:00]} dxe4 {[%emt 0:00:00]} 22. Nxe4 {[%emt 0:00:00]} Rfd8 {[%emt 0:
00:00]} 23. Nf6+ {[%emt 0:00:00]} Kh8 {[%emt 0:00:00]} 24. Re4 {[%emt 0:00:00]}
Bf8 {[%emt 0:00:00]} 25. Ng4 {[%emt 0:00:00]} Ne7 {[%emt 0:00:00]} 26. Ne3 {
[%emt 0:00:00]} Nd5 {[%emt 0:00:00]} 27. Nxd5 {[%emt 0:00:00]} Rxd5 {[%emt 0:
00:00]} 28. Rf4 {[%emt 0:00:00]} Kg8 {[%emt 0:00:00]} 29. g6 {[%emt 0:00:00]}
hxg6 {[%emt 0:00:00]} 30. Ng5 {[%emt 0:00:00]} Be7 {[%emt 0:01:30]} 31. h4 {
[%emt 0:01:33]} Bxg5 {[%emt 0:02:32]} 32. hxg5 {[%emt 0:00:17]} Rc4 {[%emt 0:
01:59]} 33. Rd1 {[%emt 0:04:21]} a5 {[%emt 0:01:52]} 34. b3 {[%emt 0:05:57]}
Rc3 {[%emt 0:01:26]} 35. Rdf1 {[%emt 0:00:05]} Rd7 {[%emt 0:00:39]} 36. d5 {
[%emt 0:00:51]} Rxd5 {[%emt 0:01:47]} 37. Rxf7 {[%emt 0:00:18]} Rxe5 {[%emt 0:
00:40]} 38. Rxb7 {[%emt 0:00:45]} Rxg5 {[%emt 0:00:26]} 39. Kh2 {[%emt 0:00:22]
} Rf5 {[%emt 0:00:57]} 40. Rd1 {[%emt 0:01:17]} Rf2+ {[%emt 0:01:04]} 41. Kg1 {
[%emt 0:00:30]} Rb2 {[%emt 0:00:29]} 42. Re7 {[%emt 0:03:13]} Rbxb3 {[%emt 0:
01:46]} 43. a4 {[%emt 0:00:51]} Rb4 {[%emt 0:02:24]} 44. Rxe6 {[%emt 0:00:43]}
Kh7 {[%emt 0:01:04]} 45. Rd2 {[%emt 0:02:09]} Rc1+ {[%emt 0:00:37]} 46. Kg2 {
[%emt 0:00:22]} Rxa4 {[%emt 0:00:10]} 47. Ra6 {[%emt 0:00:29]} Ra3 {[%emt 0:00:
49]} 48. Kh2 {[%emt 0:00:33]} Rc4 {[%emt 0:00:23]} 49. Kg1 {[%emt 0:00:46]} g5
{[%emt 0:00:44]} 50. Kf2 {[%emt 0:00:36]} Rh4 {[%emt 0:00:27]} 51. Rd5 {
[%emt 0:00:21]} a4 {[%emt 0:02:07]} 52. Rxg5 {[%emt 0:00:31]} Rh2+ {[%emt 0:00:
15]} 53. Kg1 {[%emt 0:00:31]} Rd2 {[%emt 0:00:31]} 54. Rh5+ {[%emt 0:00:21]}
Kg8 {[%emt 0:00:01]} 55. Rf5 {[%emt 0:00:08]} Ra1+ {[%emt 0:00:20]} 56. Rf1 {
[%emt 0:00:05]} Rxf1+ {[%emt 0:00:13]} 57. Kxf1 {[%emt 0:00:04]} Ra2 {[%emt 0:
00:59]} 58. Kg1 {[%emt 0:01:37]} Kh7 {[%emt 0:00:07]} 59. Kh1 {[%emt 0:00:42]}
g6 {[%emt 0:00:10]} 60. Kg1 {[%emt 0:00:34]} Kh6 {[%emt 0:00:05]} 61. Rc6 {
[%emt 0:00:28]} Kh5 {[%emt 0:00:29]} 62. Rc4 {[%emt 0:00:29]} g5 {[%emt 0:00:
27]} 63. Re4 {[%emt 0:00:28]} g4 {[%emt 0:00:40]} 64. Rc4 {[%emt 0:00:07]} Kh4
{[%emt 0:00:37]} 65. Rc3 {[%emt 0:00:03]} Rb2 {[%emt 0:01:57]} 66. Ra3 {
[%emt 0:01:26]} Rb4 {[%emt 0:00:05]} 67. Kg2 {[%emt 0:00:32]} g3 {[%emt 0:01:
06]} 68. Ra2 {[%emt 0:00:25]} Rc4 {[%emt 0:00:50]} 69. Kh1 {[%emt 0:00:20]} Kh3
{[%emt 0:00:09]} 70. Rh2+ {[%emt 0:00:04]} Kg4 {[%emt 0:00:05]} 71. Ra2 {
[%emt 0:00:03]} Kf3 {[%emt 0:01:12]} 72. Ra3+ {[%emt 0:00:40]} Kf4 {[%emt 0:00:
36]} 73. Kg2 {[%emt 0:00:28]} Rb4 {[%emt 0:00:36]} 74. Rf3+ {[%emt 0:00:37]}
Ke4 {[%emt 0:00:34]} 75. Rxg3 {[%emt 0:00:07]} Rb2+ {[%emt 0:00:03]} 76. Kf1 {
[%emt 0:00:11]} Rb3 {[%emt 0:00:12]} 77. Rg8 {[%emt 0:01:21]} a3 {[%emt 0:00:
15]} 78. Ra8 {[%emt 0:00:55]} Rb1+ {[%emt 0:00:26]} 79. Ke2 {[%emt 0:00:05]}
Rb2+ {[%emt 0:00:05]} 80. Kd1 {[%emt 0:00:25]} a2 {[%emt 0:00:06]} 81. Kc1 {
[%emt 0:01:05]} Rb1+ {[%emt 0:00:27]} 82. Kd2 {[%emt 0:00:12]} a1=Q {[%emt 0:
00:06]} 83. Ra4+ {[%emt 0:00:05]} Qxa4 {[%emt 0:00:08]} 0-1